01253cam a22003374a 4500999001700000001000900017005001700026008004100043010001700084020003000101020002500131020002500156040001800181050002200199082001200221100003300233245010500266246004000371250001200411260006300423300004500486500006800531500002200599650001600621650002700637700002400664700002400688906004500712942003400757952012400791 c29638d296381654265220180427154819.0101118s2012 njua 001 0 eng  a 2010047843 a9780132497992 (casebound) a9780132497947 (pbk.) a9780132497923 (pbk.) aDLCcDLCdDLC00aHF 5636 .H67 201200a6572221 aHorngren, Charles T.,d1926-10aFinancial & managerial accounting /cCharles T. Horngren, Walter T. Harrison Jr., M. Suzanne Oliver.3 aFinancial and managerial accounting a3rd ed. aUpper Saddle River, N.J. :bPearson Prentice Hall,cc2012. axi, 1190, [72] p. :bcol. ill. ;c29 cm. aRev. ed. of: Financial and managerial accounting. 2nd ed. 2009. aIncludes indexes. 0aAccounting. 0aManagerial accounting.1 aHarrison, Walter T.1 aOliver, M. Suzanne. a7bcbccorignewd1eecipf20gy-gencatlg 2lcccBOOKShHF 5636 .H67 2012 00102lcc4070aMUCbMUCcTECHd2018-04-27eDonation (BFA)l0oHF 5636 .H67 2012p38321r2018-07-16w2018-04-27yBOOKS